LEADER 00763nam0-22003011i-450 001 990007522370403321 005 20250505123737.0 035 $a000752237 035 $aFED01000752237 035 $a(Aleph)000752237FED01 035 $a000752237 100 $a20030814d1959----km-y0itay50------ba 101 0 $aita 102 $aIT 105 $aa-------001yy 200 1 $aCapua$aNapoli 210 $aRoma$cIRI$d1959 215 $a109 p.$cill.$d26 cm 225 1 $aComunicazioni stradali attraverso i tempi 610 0 $aCampania$aTrasporti 801 0$aIT$bUNINA$gRICA$2UNIMARC 901 $aBK 912 $a990007522370403321 952 $aE'-09-041$bIst.6676$fILFGE 959 $aILFGE 996 $aNapoli$956117 996 $aCapua$9683952 997 $aUNINA LEADER 01974oas 2200649 a 450 001 9910692498003321 005 20250623213019.0 035 $a(OCoLC)54407297 035 $a(CONSER) 2004230141 035 $a(CKB)5470000002352460 035 $a(EXLCZ)995470000002352460 100 $a20040213a19uu9999 sa a 101 0 $aeng 135 $aurmn||||||||| 181 $ctxt$2rdacontent 182 $cc$2rdamedia 183 $acr$2rdacarrier 200 00$aDelaware crop insurance profile 210 $aRaleigh, NC $cU.S. Dept. of Agriculture, Risk Management Agency 215 $a1 online resource (volumes) 300 $aIn scope of the U.S. Government Publishing Office Cataloging and Indexing Program (C&I) and Federal Depository Library Program (FDLP). 517 1 $aDelaware state crop insurance profile 517 1 $aDelaware crop insurance state profile 606 $aCrop insurance$zDelaware$vStatistics$vPeriodicals 606 $aAssurance-re?colte$zDelaware$vStatistiques$vPe?riodiques 606 $aCrop insurance$2fast$3(OCoLC)fst00883914 607 $aDelaware$2fast$1https://id.oclc.org/worldcat/entity/E39PBJkHqPgtcDpdmQ7k9dFkDq 608 $aPeriodicals.$2fast 608 $aStatistics.$2fast 608 $aStatistics.$2lcgft 615 0$aCrop insurance 615 6$aAssurance-re?colte 615 7$aCrop insurance. 676 $a338 712 02$aUnited States.$bDepartment of Agriculture.$bRisk Management Agency. 801 0$bGPO 801 1$bGPO 801 2$bOCLCQ 801 2$bGPO 801 2$bDLC 801 2$bOCLCQ 801 2$bOCLCA 801 2$bOCLCQ 801 2$bOCLCA 801 2$bOCLCF 801 2$bOCLCQ 801 2$bGILDS 801 2$bOCLCA 801 2$bOCLCQ 801 2$bGPO 801 2$bOCLCL 801 2$bMLU 801 2$bOCLCL 906 $aDOCUMENT 912 $a9910692498003321 996 $aDelaware crop insurance profile$93137655 997 $aUNINA